Интегрированные системы проектирования и управления: структура и состав: учебное пособие

書誌詳細
その他の著者: Лазарева Т. Я. Татьяна Яковлевна, Мартемьянов Ю. Ф. Юрий Федорович, Схиртладзе А. Г. Александр Георгиевич, Борискин В. П. Владимир Петрович
要約:Изложены общие принципы и методология построения интегрированных автоматизированных систем управления (ИАСУ), рассмотрены структура и состав ИАСУ, дана краткая характеристика компонентов ИАСУ и приведены примеры интегрированных автоматизированных систем управления. Учебное пособие предназначено для студентов, обучающихся по направлениям подготовки специалистов «Конструкторско-технологическое обеспечение машиностроительных производств», «Автоматизированные технологии и производства».
言語:ロシア語
出版事項: Старый Оскол, ТНТ, 2008
主題:
フォーマット: 図書
KOHA link:https://koha.lib.tpu.ru/cgi-bin/koha/opac-detail.pl?biblionumber=138176

MARC

LEADER 00000nam0a2200000 4500
001 138176
005 20231031141348.0
010 |a 9785941781591 
035 |a (RuTPU)RU\TPU\book\149727 
090 |a 138176 
100 |a 20080521d2008 m y0rusy50 ca 
101 0 |a rus 
102 |a RU 
105 |a a j 001zy 
200 1 |a Интегрированные системы проектирования и управления: структура и состав  |e учебное пособие  |f Т. Я. Лазарева, Ю. Ф. Мартемьянов, А. Г. Схиртладзе, В. П. Борискин 
210 |a Старый Оскол  |c ТНТ  |d 2008 
215 |a 236 с.  |c ил. 
320 |a Список литературы: с. 232-233. 
330 |a Изложены общие принципы и методология построения интегрированных автоматизированных систем управления (ИАСУ), рассмотрены структура и состав ИАСУ, дана краткая характеристика компонентов ИАСУ и приведены примеры интегрированных автоматизированных систем управления. Учебное пособие предназначено для студентов, обучающихся по направлениям подготовки специалистов «Конструкторско-технологическое обеспечение машиностроительных производств», «Автоматизированные технологии и производства». 
451 1 |0 (RuTPU)RU\TPU\book\114300  |y 5-94275-261-3  |t Интегрированные системы проектирования. Структуры и состав  |o учебное пособие для вузов  |f Т. Я. Лазарева, Ю. Ф. Мартемьянов, А. Г. Схиртладзе  |c М.  |n Машиностроение-1  |d 2006  |p 172 с.  |a Лазарева, Татьяна Яковлевна 
610 1 |a машиностроение 
610 1 |a автоматизация 
610 1 |a интегрированные системы проектирования 
610 1 |a автоматизированные системы управления 
610 1 |a АСУ 
610 1 |a интегрированные системы управления 
610 1 |a ИАСУ 
610 1 |a разработка 
610 1 |a структура 
610 1 |a состав 
610 1 |a компоненты 
610 1 |a системы автоматизированного проектирования технологических процессов 
610 1 |a САПР 
610 1 |a автоматизированные системы технологической подготовки производства 
610 1 |a учебные пособия 
675 |a 621.002:658.5.011.56(075.8)  |v 3 
675 |a 621.002:658.512(075.8)  |v 3 
701 1 |a Лазарева  |b Т. Я.  |g Татьяна Яковлевна 
701 1 |a Мартемьянов  |b Ю. Ф.  |g Юрий Федорович 
701 1 |a Схиртладзе  |b А. Г.  |g Александр Георгиевич 
701 1 |a Борискин  |b В. П.  |g Владимир Петрович 
801 1 |a RU  |b 63413507  |c 20080521  |g PSBO 
801 2 |a RU  |b 63413507  |c 20220406  |g PSBO 
900 |a Интегрированные компьютерные системы управления 
900 |a Интегрированные системы проектирования и управления 
942 |c BK 
951 |b 151000  |b 220300 
959 |a 62/20080521  |d 2  |e 0  |f ЧЗТЛ:1  |f АНЛ:1